[Event "Berlin-ch Seniors op 25th"]
[Site "Berlin"]
[Date "2009.02.16"]
[Round "5"]
[White "Metzger, Eberhard"]
[Black "Pilz, Joachim"]
[Result "0-1"]
[WhiteElo "1961"]
[BlackElo "1635"]
[PlyCount "120"]
[EventDate "2009.02.12"]
[EventType "swiss"]
[EventRounds "9"]
[EventCountry "GER"]
[SourceTitle "EXT 2022"]
[Source "ChessBase"]
[SourceDate "2021.10.06"]
[SourceVersion "1"]
[SourceVersionDate "2021.10.06"]
[SourceQuality "1"]

1. e4 d6 2. Nc3 g6 3. g3 Bg7 4. Bg2 c6 5. d4 Nf6 6. h3 0-0 7. Be3 e5 8. Nge2 Re8 9. 0-0 Na6 10. Qd2 c5 11. d5 Bd7 12. a4 h5 13. Nb5 Bc8 14. Bg5 Qd7 15. c4 Nb4 16. Nec3 a6 17. Na3 Nh7 18. Be3 Qe7 19. h4 Bd7 20. Rac1 Rf8 21. Nc2 a5 22. b3 b6 23. Nxb4 axb4 24. Ne2 Qd8 25. Bh6 Nf6 26. f3 Kh7 27. Bxg7 Kxg7 28. Kh2 Qe7 29. Ng1 Nh7 30. Rce1 f6 31. Bh3 Bxh3 32. Nxh3 g5 33. f4 g4 34. Nf2 Kh8 35. Nd1 Rf7 36. Ne3 Qd7 37. Rf2 Nf8 38. fxe5 fxe5 39. Rxf7 Qxf7 40. Rf1 Qg6 41. Nf5 Nh7 42. Qh6 Qxh6 43. Nxh6 Ra7 44. Rf7 Rxf7 45. Nxf7+ Kg7 46. Nxd6 Nf6 47. Kg2 Kf8 48. Nc8 Nd7 49. Kf2 Ke8 50. Ke3 Kf7 51. Nd6+ Kf8 52. Nc8 Ke8 53. d6 Kd8 54. Ne7 Ke8 55. Ng6 Kf7 56. Nxe5+ Nxe5 57. Kf4 Kf6 58. Ke3 Ke6 59. Kf4 Nxc4 60. Kg5 Ne5 0-1

[Event "Berlin-ch Seniors op 24th"]
[Site "Berlin"]
[Date "2008.02.24"]
[Round "4"]
[White "Pilz, Joachim"]
[Black "Zum Winkel, Wolfgang"]
[Result "0-1"]
[WhiteElo "1700"]
[BlackElo "1869"]
[PlyCount "96"]
[EventDate "2008.02.21"]
[EventType "swiss"]
[EventRounds "9"]
[EventCountry "GER"]
[SourceTitle "EXT 2022"]
[Source "ChessBase"]
[SourceDate "2021.10.06"]
[SourceVersion "1"]
[SourceVersionDate "2021.10.06"]
[SourceQuality "1"]

1. Nf3 c5 2. c4 Nf6 3. g3 g6 4. Bg2 Bg7 5. 0-0 Nc6 6. Nc3 0-0 7. Rb1 d5 8. cxd5 Nxd5 9. Nxd5 Qxd5 10. b3 e5 11. d3 Qd8 12. Bb2 Rb8 13. Qd2 b6 14. Bc3 Re8 15. Qb2 Bb7 16. Rfd1 Nd4 17. Ne1 Qe7 18. e4 Bc8 19. b4 Bg4 20. f3 Be6 21. Bxd4 cxd4 22. b5 Bh6 23. a4 Rbc8 24. Nc2 Rc3 25. Nb4 Be3+ 26. Kh1 f5 27. Re1 Qc5 28. Na6 Qc8 29. Nb4 f4 30. g4 Qd8 31. Qe2 Qh4 32. Rf1 h5 33. Rb2 hxg4 34. fxg4 Bxg4 35. Bf3 Be6 36. Qe1 Qxe1 37. Rxe1 Kf7 38. Nc6 Kf6 39. Nb4 Rec8 40. h3 Bxh3 41. Nd5+ Kf7 42. Nxc3 dxc3 43. Rc2 g5 44. Bg2 Be6 45. Rxe3 fxe3 46. Kg1 Bg4 47. Bf1 Bd1 48. Rc1 e2 0-1

[Event "Berlin-ch Seniors op 23rd"]
[Site "Berlin"]
[Date "2007.02.07"]
[Round "3"]
[White "Strehlow, Horst"]
[Black "Pilz, Joachim"]
[Result "1-0"]
[WhiteElo "1883"]
[BlackElo "1696"]
[PlyCount "47"]
[EventDate "2007.02.05"]
[EventType "swiss"]
[EventRounds "9"]
[EventCountry "GER"]
[SourceTitle "EXT 2022"]
[Source "ChessBase"]
[SourceDate "2021.10.06"]
[SourceVersion "1"]
[SourceVersionDate "2021.10.06"]
[SourceQuality "1"]

1. e4 d6 2. d4 g6 3. Nc3 Bg7 4. f4 Nf6 5. Nf3 0-0 6. Bd3 c6 7. 0-0 b6 8. Qe2 a5 9. e5 Nd5 10. Nxd5 cxd5 11. f5 gxf5 12. Nh4 e6 13. Qh5 dxe5 14. dxe5 Nc6 15. Nxf5 exf5 16. Rxf5 Bxf5 17. Bxf5 Re8 18. e6 Rxe6 19. Qxh7+ Kf8 20. Bxe6 fxe6 21. Bh6 Ra7 22. Qh8+ Ke7 23. Qxg7+ Kd6 24. Qg3+ 1-0

[Event "Berlin-ch Seniors op 21st"]
[Site "Berlin"]
[Date "2005.02.02"]
[Round "6"]
[White "Pilz, Joachim"]
[Black "Tobi, Kurt"]
[Result "1/2-1/2"]
[WhiteElo "1705"]
[BlackElo "1503"]
[PlyCount "49"]
[EventDate "2005.01.28"]
[EventType "swiss"]
[EventRounds "9"]
[EventCountry "GER"]
[SourceTitle "EXT 2007"]
[Source "ChessBase"]
[SourceDate "2006.11.23"]
[SourceVersion "1"]
[SourceVersionDate "2006.11.23"]
[SourceQuality "1"]

1. d4 Nf6 2. c4 e6 3. Nf3 d5 4. Bg5 Be7 5. e3 0-0 6. Nc3 c6 7. Rc1 Nbd7 8. Bd3 dxc4 9. Bxc4 Nd5 10. Bxe7 Qxe7 11. 0-0 Nxc3 12. Rxc3 e5 13. dxe5 Nxe5 14. Nxe5 Qxe5 15. f4 Qe4 16. Qe2 Be6 17. Bd3 Qb4 18. f5 Bxa2 19. Qh5 f6 20. Qe2 Bf7 21. Rf4 Qb6 22. Bc4 Rae8 23. Rh4 Re7 24. Qh5 h6 25. Qg6 1/2-1/2